Dharma rajya : (Record no. 517017)

000 -LEADER
fixed length control field 00293nam a22000977a 4500
082 ## - DEWEY DECIMAL CLASSIFICATION NUMBER
Classification number TNC B2x54 W28
100 ## - MAIN ENTRY--PERSONAL NAME
Personal name Waslekar,Sundeep
9 (RLIN) 24087
245 ## - TITLE STATEMENT
Title Dharma rajya :
Remainder of title Path-breaking reforms for Indi's governance
Statement of responsibility, etc By Sundeep Waslekar
260 ## - PUBLICATION, DISTRIBUTION, ETC. (IMPRINT)
Place of publication, distribution, etc Delhi
Name of publisher, distributor, etc Konark Publishers
Date of publication, distribution, etc 1998
300 ## - PHYSICAL DESCRIPTION
Extent 208p.
Holdings
Withdrawn status Lost status Source of classification or shelving scheme Damaged status Koha normalized classification for sorting Not for loan Permanent location Current location Date acquired Full call number Barcode Date last seen Price effective from Koha item type
        TNC_B2X54_W28   Indian Institute of Public Administration Indian Institute of Public Administration 2021-06-15 TNC B2x54 W28 GR23575 2021-06-15 2021-06-15 GR

Powered by Koha